书目信息 |
| 题名: |
干旱区内陆河流域水文模型
|
|
| 作者: | 陈曦 编著 | |
| 分册: | ||
| 出版信息: | 北京 中国环境科学出版社 2012.05 |
|
| 页数: | 248页 | |
| 开本: | 26cm | |
| 丛书名: | ||
| 单 册: | ||
| 中图分类: | P343.1 | |
| 科图分类: | ||
| 主题词: | 干旱区--内陆水域--水文模型 , 干旱区 , 内陆水域 , 水文模型 | |
| 电子资源: | ||
| ISBN: | 978-7-5111-0898-2 | |
| 000 | 01057nam0 2200289 450 | |
| 001 | 012012084100 | |
| 005 | 20130609083949.00 | |
| 010 | @a978-7-5111-0898-2@dCNY118.00 | |
| 100 | @a20120920d2012 em y0chiy50 ea | |
| 101 | 0 | @achi |
| 102 | @aCN@b110000 | |
| 105 | @aabk z 000yy | |
| 106 | @ar | |
| 200 | 1 | @a干旱区内陆河流域水文模型@9gan han qu nei lu he liu yu shui wen mo xing@dHydrological model of inland river basin in arid land@f陈曦等编著@zeng |
| 210 | @a北京@c中国环境科学出版社@d2012.05 | |
| 215 | @a248页@c图,地图@d26cm | |
| 300 | @a国家自然科学基金重点项目(40730633)资助出版 | |
| 330 | @a本书共分8章,内容包括:干旱区内陆河水文特征、干旱区内陆河流域产汇流机制与模型、缺资料区域水文模型参数的反演、典型流域气象水文及下垫面特征等。 | |
| 510 | 1 | @aHydrological model of inland river basin in arid land@zeng |
| 606 | 0 | @a干旱区@x内陆水域@x水文模型 |
| 606 | 0 | @a干旱区 |
| 606 | 0 | @a内陆水域 |
| 606 | 0 | @a水文模型 |
| 690 | @aP343.1@v5 | |
| 701 | 0 | @a陈曦@9chen xi@4编著 |
| 801 | 0 | @aCN@bRENTIAN@c20120920 |
| 905 | @dP343.1@e104 | |
| 干旱区内陆河流域水文模型=Hydrological model of inland river basin in arid land/陈曦等编著.-北京:中国环境科学出版社,2012.05 |
| 248页:图,地图;26cm |
| 国家自然科学基金重点项目(40730633)资助出版 |
| ISBN 978-7-5111-0898-2:CNY118.00 |
| 本书共分8章,内容包括:干旱区内陆河水文特征、干旱区内陆河流域产汇流机制与模型、缺资料区域水文模型参数的反演、典型流域气象水文及下垫面特征等。 |
| ● |
| 相关链接 |
|
|
|
|
正题名:干旱区内陆河流域水文模型
索取号:P343.1/104
 
预约/预借
| 序号 | 登录号 | 条形码 | 馆藏地/架位号 | 状态 | 备注 |
| 1 | 0544202 | 205442029 | 第二样本阅览室/ [索取号:P343.1/104] | 在馆 | |
| 2 | 0544203 | 205442038 | 第三借阅区/ [索取号:P343.1/104] | 在馆 | |
| 3 | 0544204 | 205442047 | 第三借阅区/ [索取号:P343.1/104] | 在馆 |